000 00549cam a22001457a 4500
008 180718b2000 xxu||||| |||| 00| 0 eng d
082 _aAPPPA/99-2000/GIL
100 _aGill, Amarjot Singh
245 _aCriminal justice system: need for an effective sentencing policy
_cby Amarjot Singh Gill
260 _aNew Delhi
_bIndian Institute of Public Administration
_c2000
300 _a226p.
500 _aAn APPPA M.Phil. dissertation, 99-2000 (Guide: J. Guha Roy)
650 _aAPPPA
650 _aCriminal justice, Administration of - Planning - India
999 _c489434
_d489434